[Event "DANMJ"]
[Site "?"]
[Date "1998.04.06"]
[Round "5"]
[White "Almstrom, Martin"]
[Black "Jensen, Bjarke"]
[Result "0-1"]
[WhiteElo "2195"]
[BlackElo "2110"]
[PlyCount "118"]

1. Nf3 b6 2. g3 Bb7 3. Bg2 e6 4. c4 Be7 5. O-O g5 6. d4 g4 7. Ne5 Bxg2 8. Kxg2
h5 9. Nc3 Bf6 10. Qd3 Na6 11. Qe4 Bg7 12. Bg5 $16 {
Svart har behandlet apningen spesielt, men ikke sa godt.} 12... Qc8 13. f3 f5
14. Qf4 d6 15. Nd3 gxf3+ 16. Rxf3 {
Kanskje han kunne tatt med bonden, for a apne linjene mot den svarte kongen.}
16... Nh6 17. Re1 (17. e4) 17... Kd7 18. b4 Qe8 19. b5 Nb8 20. c5 $2 20... bxc5
21. dxc5 $4 {Etter denne bukken har hvit full kontroll, og bytter etterhvert
av til et sluttspill med ren offiser over.} 21... Bxc3 22. Rc1 Be5 23. Nxe5+
dxe5 24. Rd3+ Kc8 25. Qxe5 Nf7 26. Qf4 Qxb5 27. Bf6 Re8 28. a4 Qc6+ 29. Kh3 Nd7
30. Bh4 Nde5 31. Rd6 Qe4 32. Qxe4 fxe4 33. Rd4 e3 34. Re4 Rb8 35. Rxe3 Rb4 36.
a5 Kb7 37. Kg2 Kc6 38. Bf6 Ng4 39. Rf3 Re4 40. h3 Nxf6 41. Rxf6 Ne5 42. Rc2 Nd7
43. Rh6 Re5 44. g4 hxg4 45. hxg4 Nxc5 46. Kg3 Rg8 47. Kf4 Re4+ 48. Kf3 Rgxg4
49. Rxe6+ Rxe6 50. Kxg4 Kb5 51. Kf5 Rc6 52. e4 Kxa5 53. e5 Kb5 54. Rb2+ Kc4 55.
Ra2 a6 56. Ra1 Nb3 57. Re1 Kd5 58. Rd1+ Nd4+ 59. Kf4 a5 0-1

[Event "DANMJ"]
[Site "?"]
[Date "1998.04.06"]
[Round "5"]
[White "Kimari, Patrick"]
[Black "Ballo, Emanuel"]
[Result "0-1"]
[WhiteElo "2150"]
[BlackElo "2200"]
[PlyCount "110"]

1. Nf3 c5 2. e4 Nc6 3. d4 cxd4 4. Nxd4 Nf6 5. Nc3 d6 6. Be3 Ng4 7. Bb5 Nxe3 8.
Nxc6 8... Qd7 $5 {Litt "speisa", Nxd1 er det naturlige avbyttet.} 9. fxe3 (9.
Nd4 $6 9... Nxd1 10. Rxd1 {Hvit har utviklingsforsprang, men svart har
loperparet. Sannsynligvis vil det bli bra for svart i lengden.}) 9... bxc6 10.
Ba4 e6 11. e5 {Dette er etter Lahlum-terminologi et posisjonelt offer, der
hvit far masse angrep for den ofrede bonden.} 11... d5 12. Qg4 g6 13. Rd1 Bg7
14. Ne4 Bxe5 15. Qg5 Bg7 16. O-O O-O 17. Nf6+ Bxf6 18. Rxf6 Kg7 19. Qe5 Kg8 20.
Rd4 Bb7 21. Qg5 Kg7 22. Qe5 Kg8 23. h4 (23. Rh4 Qd8 24. Qg5 24... Kg7 {
forer ikke til noe.}) 23... Rac8 24. h5 Qc7 25. Qg5 Rce8 26. Rg4 Re7 27. c3 (
27. Qh6 Rd8 28. Rgf4 28... Qc8 {forer heller ikke til noe.}) 27... e5 28. Rh4
Rd8 29. Bc2 e4 30. Rhf4 Bc8 31. Qh6 Bf5 32. g4 Re6 33. Rxe6 33... Bxe6 {
Den svarte loperens inntreden i partiet, har fort til at svart har kommet seg
ut av det verste.} 34. Qg5 Bc8 35. Kg2 Qd6 36. Rf6 Qd7 37. Bd1 Re8 38. Qf4 Re6
39. hxg6 hxg6 40. g5 Rxf6 41. gxf6 Qh3+ 42. Kg1 Kh7 43. b4 Qh6 44. Qg3 Bf5 45.
Kf2 g5 46. Qe5 $2 46... Qh4+ 47. Kg1 Qe1+ 48. Kg2 Qd2+ 49. Kg3 Qxe3+ 50. Kg2
Qd2+ 51. Kg3 Kg6 52. Bh5+ Kxh5 53. Qxf5 Qxc3+ 54. Kh2 Qd2+ 55. Kg1 Qe3+ 0-1

[Event "DANMJ"]
[Site "?"]
[Date "1998.04.06"]
[Round "5"]
[White "Sagafos, Magne"]
[Black "Hjort, Jens L."]
[Result "1-0"]
[WhiteElo "1819"]
[BlackElo "1991"]
[PlyCount "77"]

1. e4 c5 2. Nf3 Nc6 3. d4 cxd4 4. Nxd4 Nf6 5. Nc3 e5 6. Nf5 d5 7. exd5 Bxf5 8.
dxc6 bxc6 9. Qf3 Qc8 10. Bc4 10... Bxc2 {
Et midlertidig offer, for a bruke Hans Olavs terminologi.} 11. Bg5 Be7 12. Qe2
Bg6 13. Qxe5 O-O 14. O-O Re8 15. Qa5 h6 16. Ba6 Qb8 17. Bxf6 Bxf6 18. Qa3 Qc7
19. Rac1 Bg5 20. Rce1 Rxe1 21. Rxe1 Rb8 22. g3 Qb6 23. Bf1 Qxb2 24. Qxa7 Kh7
25. Ne4 Bd8 26. Bd3 f5 27. Nc5 Bf6 28. Rb1 Qxb1+ 29. Bxb1 Rxb1+ 30. Kg2 Bd4 31.
Qe7 Bf6 32. Qd7 f4 33. a4 fxg3 34. hxg3 Rc1 35. Qd6 Bc3 36. Ne6 Be4+ 37. f3
Rc2+ 38. Kh3 38... Bxf3 $4 39. Qd3+ 1-0

[Event "DANMJ"]
[Site "?"]
[Date "1998.04.06"]
[Round "5"]
[White "Lie, Espen"]
[Black "Borchgrevink, Harald"]
[Result "1/2-1/2"]
[WhiteElo "1808"]
[BlackElo "1848"]
[PlyCount "35"]

1. e4 e6 2. d4 d5 3. exd5 exd5 4. Bd3 Bd6 5. Nf3 Ne7 6. O-O O-O 7. c3 Bf5 8.
Bg5 f6 9. Bh4 c6 10. Bg3 Bg6 11. Re1 Bxg3 12. hxg3 Nd7 13. Nh4 Bxd3 14. Qxd3
Re8 15. Nd2 Nf8 16. Re3 Qd7 17. Rae1 Neg6 18. Ndf3 1/2-1/2

[Event "DANMJ"]
[Site "?"]
[Date "1998.04.06"]
[Round "5"]
[White "Leer-Salvesen, Bjarte"]
[Black "Trygstad, Kristian"]
[Result "1/2-1/2"]
[WhiteElo "2235"]
[BlackElo "2205"]
[Annotator "Trygstad"]
[PlyCount "50"]

1. g3 g6 2. Bg2 Bg7 3. Nf3 d6 4. c4 e5 5. Nc3 Nc6 6. d3 h6 7. O-O Be6 8. Rb1
Qd7 9. Nd5 Nce7 10. e4 c6 11. Ne3 f5 12. exf5 Nxf5 (12... gxf5 $5 {
Ne3 star litt i veien for hvit.} 13. b3 Ng6 14. d4 e4 15. d5 Bf7 16. Nd4 $13)
13. Nxf5 gxf5 14. Re1 Ne7 15. b3 c5 16. b4 cxb4 17. Rxb4 Nc6 18. Ra4 O-O 19. d4
exd4 20. Rxe6 {Hvit far masse komp med en gang.} 20... Qxe6 21. Nxd4 Qd7 (21...
Qe5 22. Nxc6 bxc6 23. Bxc6 Rab8 24. Bd5+ Kh8 25. Bf4 Qd4 26. Qxd4 Bxd4 27. Bxd6
Rb1+ 28. Kg2 Rd8 29. c5 29... Bxc5 $11) 22. Bd5+ Kh8 23. Ne6 Rfe8 24. Nxg7 Qxg7
25. Qd2 Qg5 (25... Kh7 $2 26. c5 $18 {Med trusselen Rh4.}) 1/2-1/2

[Event "DANMJ"]
[Site "?"]
[Date "1998.04.06"]
[Round "5"]
[White "Osttveit, Martin"]
[Black "Hansen, Torbjorn R."]
[Result "0-1"]
[WhiteElo "1843"]
[BlackElo "2011"]
[PlyCount "74"]

1. e4 c6 2. d4 d5 3. Nd2 dxe4 4. Nxe4 4... Nf6 {
Torbjorns trofaste variant gjennom mange ar. (snufs, snufs)} 5. Nxf6+ exf6 6.
Be3 Bd6 7. Bd3 O-O 8. Ne2 {
Hvits oppstilling blir litt krampaktig, og svart utligner snart.} 8... Nd7 9.
O-O Re8 10. c3 Nf8 11. Qd2 g6 12. Bf4 Ne6 13. Bxd6 Qxd6 14. Rad1 b6 15. Rfe1
Bb7 16. Bc4 Rad8 17. Qc1 Kg7 18. Ng3 Nf4 19. Ne4 Qc7 20. Bf1 20... c5 {
Svart har na stilt offiserene i riktige posisjoner, og begynner a ane et
kommende kongeangrep.} 21. Qb1 f5 22. Ng5 Rxe1 23. Rxe1 h6 24. Nf3 Bxf3 25.
gxf3 cxd4 26. cxd4 Rxd4 27. Rd1 Qd6 28. Rxd4 28... Qxd4 {Kongeangrepet ble
avverget, men det har kostet en bonde. Dette utnytter Torbjorn videre.} 29. Qc1
a5 30. Qc2 h5 31. Qc7 h4 32. a3 h3 33. Qc3 Qxc3 34. bxc3 Nd5 35. c4 35... Nf4 {
Hmmm.... Skal vi se, ville jeg hatt loperen eller hesten?} 36. c5 bxc5 37. Bc4
37... Kf6 {Svart kommer bare inn med kongen.} 0-1

[Event "DANMJ"]
[Site "?"]
[Date "1998.04.06"]
[Round "5"]
[White "Bae, Torstein"]
[Black "Johansen, Terje"]
[Result "1/2-1/2"]
[WhiteElo "2180"]
[BlackElo "2260"]
[Annotator "Bae, Johansen"]
[PlyCount "56"]

1. e4 c6 2. d3 d5 3. Nd2 e5 4. Ngf3 Bd6 5. d4 $5 5... exd4 6. exd5 cxd5 (6...
c5 $6 7. c3) 7. Nxd4 Ne7 8. Be2 Nbc6 9. N2f3 O-O 10. O-O Re8 11. Be3 (11. Bg5
a6 12. c3 12... Qc7 $13) 11... Nf5 $1 12. Nxf5 Bxf5 13. Qd2 (13. c4 dxc4 14.
Bxc4 14... Qc7 $11) 13... Be4 $1 14. c3 Qc7 15. h3 Rad8 (15... a6 $5) 16. Nd4
$1 16... Qe7 17. Bb5 $1 17... Rc8 18. Bf4 Bxf4 19. Qxf4 Nxd4 20. cxd4 Rf8 (
20... Red8 $6 21. Rac1 Qb4 22. Rc7 $14) 21. f3 (21. Rac1 $2 21... Rxc1 22. Rxc1
22... Qb4 $17) 21... Bg6 22. Rf2 Qb4 23. Bf1 h6 (23... Rc2 24. Rxc2 Bxc2 25.
Rc1 25... Qxb2 $2 26. Qd2 Rc8 27. Bd3 Qxd4+ 28. Kh1 $18) 24. Qd2 Qb6 25. Bd3
Bxd3 (25... Qxd4 26. Bxg6 Qxd2 27. Bxf7+ Rxf7 28. Rxd2 $14) 26. Qxd3 Rc4 27.
Rd1 Rfc8 28. Rfd2 g6 1/2-1/2

[Event "DANMJ"]
[Site "?"]
[Date "1998.04.06"]
[Round "5"]
[White "Lehiste, Margus"]
[Black "Pronstad, Thomas"]
[Result "1-0"]
[WhiteElo "2096"]
[BlackElo "1366"]
[PlyCount "121"]

1. e4 e6 2. d4 d5 3. e5 c5 4. c3 Nc6 5. Nf3 Qb6 6. a3 cxd4 (6... a5 {
eller 6... Nh6 er ogsa vanlig.}) 7. cxd4 Nge7 (7... Nh6 8. Bd3 (8. Bxh6 Qxb2)
8... Bd7 {er mest vanlig.}) 8. b4 (8. g4 $5) 8... Nf5 9. Bb2 a6 10. Bd3 Nfe7 (
10... Bd7) 11. Nc3 Bd7 12. Na4 Qc7 13. Nc5 Ng6 14. O-O Bxc5 15. bxc5 Nf4 16.
Bc2 Na5 17. Bc1 Ng6 18. Bd3 b5 (18... Bb5 $5) 19. cxb6 Qxb6 20. Rb1 Qc7 21. Bd2
O-O 22. h4 22... f5 $2 23. exf6 Rxf6 (23... gxf6 {
presser pa i sentrum, men er kanskje litt luftig.}) 24. Bg5 Rff8 25. Bxg6 hxg6
26. Ne5 Be8 27. Qd3 Nc6 28. Nxg6 Bxg6 29. Qxg6 Nxd4 30. Be3 (30. Rfd1 e5) 30...
Rf6 31. Qg4 Nf5 32. Bg5 Rf7 33. h5 Qe5 34. Rfe1 Qd6 (34... Qd4 35. Qxd4 Nxd4
36. Rbd1) 35. Rb3 e5 36. Reb1 Nh6 37. Qg3 Nf5 38. Qg4 Nh6 39. Qg3 Nf5 40. Qg4
40... Nh6 {Var dette tredje gang, eller var det ikke? Thomas var ganske
usikker pa seg selv, og ventet heller noen trekk for a sporre Hans Olav om det.
Men det var det altsa. Synd det Thomas!} 41. Bxh6 Qxh6 42. Rb8+ Rxb8 43. Rxb8+
43... Rf8 $2 (43... Kh7 44. Rd8 (44. Qc8 Qxh5 45. Qg8+ Kg6 46. Rb6+ Kg5) 44...
Qf6 45. Qg6+ Qxg6 46. hxg6+ Kxg6 47. Rxd5 47... Kf5 $11) 44. Rxf8+ Kxf8 45.
Qc8+ $6 (45. Qf5+ Qf6 46. Qc8+ Kf7 47. Qd7+ Kf8 48. Qxd5) 45... Ke7 46. Qc7+
Kf6 47. Qd8+ Kf5 (47... Ke6 $1) 48. Qd7+ Kf6 49. Qd6+ Kf5 50. Qxd5 Qc1+ 51. Kh2
Qf4+ 52. g3 Qxf2+ 53. Kh3 Qf1+ 54. Kh4 Qa1 55. Qf7+ Ke4 56. Qxg7 Qh1+ 57. Kg5
Qc1+ 58. Kf6 Qc6+ 59. Kf7 Qd7+ 60. Kg6 Qg4+ (60... Qe8+ 61. Qf7 Qc6+ 62. Kg7)
61. Kh6 1-0

[Event "DANMJ"]
[Site "?"]
[Date "1998.04.06"]
[Round "5"]
[White "Hansen, Victor"]
[Black "Ferkingstad, Sjur"]
[Result "0-1"]
[WhiteElo "1634"]
[BlackElo "1897"]
[PlyCount "72"]

1. e4 d5 2. exd5 Nf6 3. Bc4 Nxd5 4. d4 e6 5. Nf3 Bd6 6. O-O O-O 7. Nbd2 Nd7 8.
Ne4 N7f6 9. Nxd6 Qxd6 10. c3 b6 11. Re1 Bb7 12. Bg5 Rac8 13. Qe2 h6 14. Bxf6
Nxf6 15. Ba6 Qd5 16. Bxb7 16... Qxb7 {Spillerne har vart hissige pa avbytter,
og har kommet opp i en ganske lik stilling.} 17. Rad1 Rfd8 18. Ne5 c6 19. Rd3
Qe7 20. Qf3 Nd5 21. Qg4 Nf6 22. Qf3 Qc7 23. Ng4 Nxg4 24. Qxg4 Rd5 25. f4 h5 26.
Qf3 {Hvit vil ikke bytte av en f-bonde mot en randbonde, ettersom randbonder
ofte er svakest i tarnsluttspill.} 26... Rcd8 27. Re5 g6 28. Rxd5 Rxd5 29. g3 {
Hansen har selv satt et sporsmalstegn ved dette trekket, muligens bor han
spille De3, da svart ikke far tatt igjen pa c5 med sjakk, som senere i partiet.
} 29... c5 30. dxc5 Qxc5+ 31. Kf1 $2 {
Dette er derimot svart darlig, og taper noen bonder.} (31. Kh1) 31... Qb5 32.
Ke2 Qxb2+ 33. Kd1 Qxa2 34. Kc1 Rb5 35. Rd8+ Kh7 36. Qd3 Rb2 0-1

[Event "DANMJ"]
[Site "?"]
[Date "1998.04.06"]
[Round "5"]
[White "Gunnesdal, Lars"]
[Black "Olsen, Anders"]
[Result "1/2-1/2"]
[WhiteElo "1715"]
[BlackElo "1764"]
[PlyCount "34"]

1. e4 c6 2. d4 d5 3. exd5 cxd5 4. c4 Nc6 5. Nc3 Nf6 6. cxd5 (6. Nf3) (6. Bg5 {
er begge to gode alternativer.}) 6... Nxd5 7. Bc4 Nb6 8. Bb5 Bd7 9. Nge2 (9.
Nf3 {er litt mer aktivt.}) 9... a6 10. Bd3 Bg4 11. f3 Bh5 12. Be3 e6 13. a3 Be7
14. O-O Bf6 15. Be4 Rc8 16. b3 Bg6 17. Qd3 O-O 1/2-1/2

[Event "DANMJ"]
[Site "?"]
[Date "1998.04.06"]
[Round "5"]
[White "Mellem, Nikolas A."]
[Black "Heimreid, Ken-Ivar"]
[Result "1-0"]
[WhiteElo "1648"]
[BlackElo "1652"]
[PlyCount "93"]

1. e4 c5 2. Nf3 e6 3. d4 cxd4 4. Nxd4 Nf6 5. Nc3 Nc6 6. Be3 a6 7. Be2 Qc7 8.
O-O b5 9. a3 Bb7 10. Kh1 Be7 11. f4 d6 12. Bf3 Na5 13. e5 $2 {Et litt spesielt
offer som ligner mer pa en bukk. Det er en folge av at hvit har blandet
varianter i apningen, mens sort har stilt seg opp pa siciliansk maner, og
venter pa a sla til i sentrum.} 13... dxe5 14. fxe5 Qxe5 15. Bf4 Qc5 16. Bxb7
Nxb7 17. Qf3 Qxd4 18. Qxb7 Qd8 19. Qc6+ Nd7 20. Ne4 Qc8 21. Nd6+ Bxd6 22. Qxd6
Qc5 23. Qd3 e5 24. Rae1 f6 25. Qf3 O-O 26. Bd2 Rfe8 27. Bb4 Qc8 28. Rd1 e4 29.
Qe3 Nf8 30. Rd2 Ng6 31. Bc3 Qe6 32. Rfd1 32... f5 {Fra na av hadde Ken-Ivar
under minuttet igjen, og det preger sterkt fortsettelsen.} 33. g3 Ne5 34. b3
Re7 35. Rd6 Qf7 36. Qc5 Rae8 37. R6d5 Qf6 38. Rd6 Qf7 39. R1d5 Ng4 40. Rxf5 Nf6
41. Bxf6 gxf6 42. Rdxf6 Qg7 43. Rg5 e3 44. Rxg7+ Kxg7 45. Rf1 e2 46. Re1 Rf7
47. Qc3+ 1-0

[Event "DANMJ"]
[Site "?"]
[Date "1998.04.06"]
[Round "5"]
[White "Lie, Ole A."]
[Black "Valeinis, Janis"]
[Result "1/2-1/2"]
[WhiteElo "1637"]
[BlackElo "2177"]
[PlyCount "80"]

1. d4 Nf6 2. c4 g6 3. g3 Bg7 4. Bg2 O-O 5. e3 {
Typisk "Remis-Ole". Nf3 er det vanlige.} 5... d6 6. Ne2 Nbd7 7. O-O 7... Re8 $6
{Hva er vitsen med Re8?} (7... e5) 8. Nbc3 e5 9. Qc2 c6 10. d5 cxd5 11. Nxd5
Nxd5 12. cxd5 a5 13. e4 Nc5 14. Be3 b6 15. Rac1 Qe7 16. Rfd1 16... Bg4 $6 {
Hvit skal spille f3 allikevel, derfor er ikke dette nodvendig. 16... Bd7,
eventuelt 16... Ba6.} 17. f3 Bd7 18. b3 Rec8 19. Qb1 f5 20. a3 fxe4 21. fxe4
Bg4 22. Re1 b5 23. h3 Bd7 24. b4 axb4 25. axb4 Na4 26. Rxc8+ Rxc8 27. Rc1 {
Du gar for remis na Ole?} 27... Qd8 28. Rxc8 Qxc8 29. Qc1 Qxc1+ 30. Nxc1 {
Var det nodvendig a bruke opp halve tiden din pa dette trekket, Ole? (11 av 20)
} 30... Bf6 31. Nd3 Bd8 32. Kf2 Kf7 33. Ke2 h5 34. Kf3 Nb6 35. Bxb6 Bxb6 36.
Nb2 Kf6 37. Nd3 Bd4 38. Bf1 Kg5 39. Bg2 Kf6 40. Bf1 40... g5 {Det var bra a
spille remis mot han Ole, men matte de signere noteringsskjemaet med "Opp i
rompa di"?} 1/2-1/2

[Event "DANMJ"]
[Site "?"]
[Date "1998.04.06"]
[Round "5"]
[White "Teigum, Amund"]
[Black "Hagesather, Ellen"]
[Result "0-1"]
[WhiteElo "1016"]
[BlackElo "2045"]
[PlyCount "42"]

1. e4 d6 2. d4 2... Nf6 {Pirc} 3. f3 g6 4. c4 {Saemisch} 4... Bg7 5. Nc3 O-O 6.
Be3 e5 7. d5 Nbd7 8. Bd3 Ne8 (8... Nh5 {er hovedvarianten i Saemisch.}) 9. Nge2
f5 10. O-O $2 {I Saemisch skal vel hvit rokere langt?} (10. exf5 gxf5 11. Qd2
a5 12. O-O-O $13) 10... f4 11. Bf2 11... g5 {"Klassisk kongeindisk"} 12. b4 Qe7
13. Na4 Qf7 14. c5 Qh5 15. b5 Rf6 16. Kh1 Rh6 17. Bg1 Ndf6 18. Nec3 {Svart har 
pa en mate vart litt raskere pa avtrekkeren enn hvit. Denne springeren skal
vel helst vare i forsvar.} 18... g4 19. fxg4 Nxg4 20. Be2 Nef6 21. h3 21... Qg6
{Litt merkelig a gi opp allerede, selv om planen med Ne3 og Bxh3 virker sterkt.
} 0-1

[Event "DANMJ"]
[Site "?"]
[Date "1998.04.06"]
[Round "5"]
[White "Ovnerud, Thomas"]
[Black "Vagle, Raymond"]
[Result "1/2-1/2"]
[WhiteElo "1815"]
[BlackElo "1536"]
[PlyCount "52"]

1. d4 Nf6 2. Nf3 d5 3. e3 e6 4. Bd3 c5 5. c3 Be7 6. Ne5 Nc6 7. f4 Bd7 8. Nd2
Qc7 9. Qc2 Nxe5 10. fxe5 Ng4 11. Nf3 f5 12. h3 Nh6 13. Bd2 b6 14. Be2 Nf7 15.
g4 Ng5 16. Nxg5 Bxg5 17. O-O-O g6 18. Rhg1 Bh6 19. Bf3 O-O-O 20. gxf5 gxf5 21.
Rg3 Rdg8 22. Rdg1 Rxg3 23. Rxg3 Qd8 24. Qd1 Rg8 25. Qg1 Rxg3 26. Qxg3 Qg5
1/2-1/2

[Event "DANMJ"]
[Site "?"]
[Date "1998.04.06"]
[Round "5"]
[White "Berg-Jensen, Joachim"]
[Black "Angeltveit, Vigleik"]
[Result "1-0"]
[WhiteElo "1632"]
[BlackElo "1642"]
[PlyCount "31"]

1. d4 Nf6 2. Bg5 Ne4 3. h4 Nxg5 4. hxg5 d5 5. e3 Bf5 6. g4 Bd7 7. g6 fxg6 8.
Bd3 Qc8 9. Bxg6+ Kd8 10. Qf3 e6 11. Rxh7 Bb4+ 12. c3 Rf8 13. Qh1 Ba5 14. Qh4+
Rf6 15. Rh8+ Ke7 16. Rxc8 1-0

[Event "DANMJ"]
[Site "?"]
[Date "1998.04.06"]
[Round "5"]
[White "Ekeberg, Carl Fr."]
[Black "Bjerke, Silje"]
[Result "1/2-1/2"]
[WhiteElo "1627"]
[BlackElo "1664"]
[PlyCount "52"]

1. e4 e6 2. d4 d5 3. Nd2 Nf6 4. e5 Nfd7 5. Bd3 c5 6. c3 Nc6 7. Ndf3 Qb6 8. Ne2
cxd4 9. cxd4 Bb4+ 10. Bd2 Bxd2+ 11. Qxd2 f6 12. exf6 Nxf6 13. O-O O-O 14. Rac1
Bd7 15. Rfe1 Rae8 16. Nf4 Kh8 17. Bb1 Nd8 18. b3 Nf7 19. Ne5 Nxe5 20. dxe5 Ng4
21. g3 Rf7 22. h3 Qxf2+ 23. Qxf2 Nxf2 24. Kxf2 g5 25. Ke3 gxf4+ 26. gxf4 26...
Rg8 {Hvit burde kanskje ha spilt litt videre, d5 og e6 kan fort bli svake
bonder. Hvit ma i tilfelle bytte av tarn, f.eks. 27.Rg1 Rfg7 28.Rxg7 Rxg7 29.
Rc7 med fordel til hvit.} 1/2-1/2

[Event "DANMJ"]
[Site "?"]
[Date "1998.04.06"]
[Round "5"]
[White "Breivik, Tallak H."]
[Black "Brakkan, Kolbjorn"]
[Result "1/2-1/2"]
[WhiteElo "1516"]
[BlackElo "1678"]
[PlyCount "41"]

1. e4 c6 2. d4 d5 3. Nc3 dxe4 4. Nxe4 Bf5 5. Ng3 Bg6 6. Nf3 Nd7 7. Bf4 7...
Qa5+ $2 {Hjelper bare hvit til en bedre utvikling.} 8. c3 e6 9. Bd3 Bxd3 10.
Qxd3 Ngf6 11. O-O Be7 12. Rfe1 O-O 13. Ne4 Nxe4 14. Qxe4 Qd5 (14... Nf6 {
var kanskje et litt mer naturlig trekk.}) 15. Ne5 Nxe5 16. Bxe5 Qxe4 17. Rxe4
g6 18. Rae1 Rfd8 19. R4e2 Rd7 20. Bf4 Bf6 21. Be3 {Det var vel ikke noe
spesiell grunn for hvit til a gjore loperen passiv. Na er stillingen mye mer
lik enn for fire trekk siden, noe begge spillerne tok konsekvensen (og en
tidlig hjemreise) av.} 1/2-1/2

[Event "DANMJ"]
[Site "?"]
[Date "1998.04.06"]
[Round "5"]
[White "Svendsen, Bertil"]
[Black "Villmo, Harald"]
[Result "1-0"]
[WhiteElo "1696"]
[BlackElo "1290"]
[PlyCount "39"]

1. d4 d5 2. Bg5 h6 3. Bh4 3... Nc6 $6 (3... c6) 4. e3 g6 5. c4 Bf5 6. Nc3 (6.
cxd5 Qxd5 7. Nc3) 6... g5 $2 (6... dxc4) 7. cxd5 Nb4 8. Qa4+ Bd7 9. Qxb4 gxh4
10. Qb3 Qc8 11. Rc1 Nf6 12. Nf3 h3 13. g3 Bg7 14. Ne5 O-O 15. Nxd7 15... Nxd7
$2 (15... Qxd7) 16. Bxh3 Nc5 17. Bxc8 Nxb3 18. axb3 Raxc8 19. Kd2 f5 20. Nb5
1-0

[Event "DANMJ"]
[Site "?"]
[Date "1998.04.06"]
[Round "5"]
[White "Nilsen, Ole Tommy"]
[Black "Ferkingstad, Trond"]
[Result "1-0"]
[WhiteElo "1415"]
[BlackElo "1016"]
[PlyCount "63"]

1. d4 d5 2. Nf3 Nc6 3. Bf4 Bf5 4. c3 e6 5. e3 Bd6 6. Bxd6 Qxd6 7. Nbd2 Nge7 8.
Bb5 a6 9. Be2 f6 10. O-O g5 11. Ne1 Ng6 12. a3 Nge7 13. Bf3 13... Bg6 $6 {
Den vil etterhvet stenge for springeren, som helst skal til g6.} 14. Rc1 h5 15.
g3 f5 16. Ng2 16... O-O-O {Det kan se ut som svart har det beste angrepet, men
pga svakeheten a6 vil det ikke ta lang tid for hvit far apnet svarts
kongestilling. I mellomtiden ma svart slite med en ganske solid hvit stilling.}
17. c4 Rdf8 18. b4 Na7 19. Qb3 19... b5 $2 {Gjor det litt for enkelt for hvit.}
20. cxb5 axb5 21. Rc5 c6 22. Rfc1 Kb7 23. Be2 Rb8 24. Nf3 g4 25. Ne5 Rhc8 26.
Nf4 Be8 27. Qa2 Kb6 28. Ra1 Ra8 29. Bd3 Qb8 30. Nxe6 Qd6 31. Nf4 Qb8 32. Qc2 {
Svarts bonder pa kongefloyen forsvinner litt etter litt.} 1-0